Arrêts du tram de Liège - Statistiques

Statistiques générales
  • Ce quiz a été pris 40 fois
    38 depuis la dernière actualisation
  • Le résultat moyen est 13 sur 23
Réponses sur la Carte
Les réponses sont colorées sur une échelle allant du rouge au vert en fonction du pourcentage des utilisateurs qui les ont devinées à leur premier essai. Vous pouvez retrouver ces pourcentages ci-dessous.
 
Statistiques - réponses
Réponse % Correct
Standard
83%
Gare des Guillemins
72%
Liège Expo
72%
Droixhe
67%
Opéra
67%
Place Saint-Lambert
67%
Pont d'Avroy
67%
Val Benoît
67%
Blonden
61%
Coronmeuse
61%
Général Leman
61%
Petit Paradis
61%
La Batte
56%
Charlemagne
50%
Féronstrée
50%
Place Ferrer
50%
Pont Atlas
50%
Sauvenière
50%
Curtius
44%
Marengo
39%
Parc Reine Astrid
33%
Petit Bourgogne
33%
Pont Maghin
28%
Aucun quiz correspondant
Distribution des résultats
% des personnes avec chaque résultat
Percentile par nombre de réponses
Votre historique - résultats
Vous n’avez pas pris ce quiz depuis la dernière actualisation